000 00579nam a2200229Ia 4500
003 OSt
005 20221007071508.0
006 a|||||r|||| 00| 0
007 ta
008 221006b |||||||| |||| 00| 0 eng d
024 _a25,087
037 _cTextual
040 _aFLL
_cFLL
_beng
041 _2eng
_aeng
082 _aZ3:9298, K8
100 _aFoulkes David
245 0 _aAdministrative law
260 _aLondon
_bButterworths UK
_c1964
300 _axv,165p
_ccm.
942 _hZ3:9298, K8
_cTEXL
_2CC
999 _c1143508
_d1143508